Every Land Rover Car Model by Picture - Statistics

General Stats
  • This quiz has been taken 34 times
  • The average score is 21 of 26
Answer Stats
Picture Hint Answer % Correct
1969-1996 Range Rover
96%
1990-2016 Defender
93%
2004-2010 Discovery 3
93%
2019-present Defender
89%
1989-1998 Discovery
89%
2009-2016 Discovery 4
89%
2012-2021 Range Rover
89%
2011-2018 Range Rover Evoque
89%
2017-present Range Rover Velar
89%
2017-present Discovery
86%
1998-2004 Discovery II
86%
1994-2001 Range Rover
86%
2001-2012 Range Rover
86%
2022-present Range Rover
86%
2013-2022 Range Rover Sport
86%
1997-2006 Freelander
82%
2018-present Range Rover Evoque
82%
2005-2013 Range Rover Sport
82%
2022-present Range Rover Sport
82%
1948-1958 Series I
82%
1983-1990 One Ten
79%
1958-1961 Series II
79%
2014-present Discovery Sport
75%
2006-2014 Freelander 2
75%
1971-1985 Series III
75%
1986-1987 Llama
21%
No matching quizzes found
Score Distribution
Percent of People with Each Score
Percentile by Number Answered
Your Score History
You have not taken this quiz